书目信息 |
| 题名: |
环境社会学
|
|
| 作者: | 饭岛伸子 著 | |
| 分册: | ||
| 出版信息: | 北京 社会科学文献出版社 1999.01 |
|
| 页数: | 130页 | |
| 开本: | 32开 | |
| 丛书名: | ||
| 单 册: | ||
| 中图分类: | X-05 | |
| 科图分类: | ||
| 主题词: | 环境科学 , 劳动? | |
| 电子资源: | ||
| ISBN: | 7-80149-074-6 | |
| 000 | 00569nam0 2200205 45 | |
| 001 | 0104111142 | |
| 005 | 20010411113755.3 | |
| 010 | @a7-80149-074-6@d10.00元 | |
| 100 | @a20010411d1999 km y0chiy0120 ea | |
| 101 | 0 | @achi |
| 105 | @a z 000yy | |
| 200 | 1 | @a环境社会学@AHuan Jing She Hui Xue@f(日)饭岛伸子著@F(Ri)Fan Dao Shen Zi Zhu |
| 210 | @a北京@c社会科学文献出版社@d1999.01 | |
| 215 | @a130页@d32开 | |
| 606 | 0 | @a环境科学 |
| 606 | 0 | @a劳动? |
| 690 | @aX-05@v3 | |
| 701 | 0 | @a饭岛伸子@4著 |
| 801 | @aCN@bPftUser@c20010411 | |
| 905 | @b337276-278@dX-05@eF780@f3 | |
| 环境社会学/(日)饭岛伸子著.-北京:社会科学文献出版社,1999.01 |
| 130页;32开 |
| ISBN 7-80149-074-6:10.00元 |
| ● |
| 相关链接 |
|
|
|
正题名:环境社会学
索取号:X-05/F780
 
预约/预借
| 序号 | 登录号 | 条形码 | 馆藏地/架位号 | 状态 | 备注 |
| 1 | 337273 | 203372732 | 自科库501/501自科库 60排4列5层/ [索取号:X-05/F780] | 在馆 | |
| 2 | 337274 | 203372741 | 自科库501/501自科库 60排4列5层/ [索取号:X-05/F780] | 在馆 | |
| 3 | 337275 | 203372750 | 自科库501/501自科库 60排4列5层/ [索取号:X-05/F780] | 在馆 |